Избранные сочинения

Бібліографічні деталі
Автор: Есенин С. А. Сергей Александрович
Інші автори: Козловский А. (составитель)
Мова:Російська
Опубліковано: Москва, Художественная литература, 1983
Серія:Библиотека классики
Предмети:
Формат: Книга
KOHA link:https://koha.lib.tpu.ru/cgi-bin/koha/opac-detail.pl?biblionumber=107432

MARC

LEADER 00000nam0a2200000 4500
001 107432
005 20231101214730.0
035 |a (RuTPU)RU\TPU\book\115991 
035 |a RU\TPU\book\91982 
090 |a 107432 
100 |a 20061222d1983 m y0rusy50 ca 
101 0 |a rus 
102 |a RU 
105 |a a z 000gy 
200 1 |a Избранные сочинения  |f С. А. Есенин  |g сост., вступит. ст. и примеч. А. Козловский 
210 |a Москва  |c Художественная литература  |d 1983 
215 |a 432 с.  |c ил. 
225 1 |a Библиотека классики  |e советская литература 
610 1 |a русская литература 
610 1 |a поэзия 
610 1 |a стихотворения 
610 1 |a поэмы 
675 |a Р2  |v 3 
700 1 |a Есенин  |b С. А.  |c русский поэт  |f 1895-1925  |g Сергей Александрович  |2 stltpush  |3 (RuTPU)RU\TPU\pers\169  |9 91 
702 1 |a Козловский  |b А.  |4 220 
801 1 |a RU  |b 63413507  |c 20050920  |g PSBO 
801 2 |a RU  |b 63413507  |c 20071102  |g PSBO 
942 |c BK